The painted tomb-chapel of Nebamun [masterpieces of ancient Egyptian art in the British Museum]

محفوظ في:

المؤلف الرئيسي: R. B. Parkinson

التنسيق: كتاب

اللغة: Undetermined

منشور في: cairo AUC 2008

الموضوعات:

الوسوم: إضافة وسم

لا توجد وسوم, كن أول من يضع وسما على هذه التسجيلة!

رقم الطلب: (L) ND2863 .P21

LEADER 00748nam a2200205Ia 4500
008 221124s9999||||xx |||||||||||||| ||und||
020 |a 978-977-416-1643 
050 4 |a (L) ND2863 .P21 
100 1 |a R. B. Parkinson 
245 1 0 |a  The painted tomb-chapel of Nebamun  |b  [masterpieces of ancient Egyptian art in the British Museum] 
264 1 |a cairo  |b AUC  |c 2008 
300 |a 152.p  |c  22 x 28 cm  
500 |a Includes bibliographical references  
504 |a Subtitle from cover 
650 4 |a  Egypt 
650 4 |a Egypt Thebes (Extinct city) 
650 4 |a Tombs Egypt Thebes (Extinct city) 
942 |2 lcc  |c BK 
952 |0 0  |1 0  |2 lcc  |4 0  |7 1  |9 43997  |a ARCE  |b ARCE  |d 2022-11-24  |l 0  |o (L) ND2863 .P21  |p 1023623  |r 2022-11-24 00:00:00  |w 2022-11-24  |y BK 
999 |c 50454  |d 50454